সাময়িকপত্রে বাংলার সমাজ চিত্র ১৮৪০-১৯০৫ / (Record no. 41592)
[ view plain ]
| 000 -LEADER | |
|---|---|
| fixed length control field | 01351nam a22002537a 4500 |
| 001 - CONTROL NUMBER | |
| control field | 41592 |
| 003 - CONTROL NUMBER IDENTIFIER | |
| rucl marc code | BD-RjUL |
| 005 - DATE AND TIME OF LATEST TRANSACTION | |
| control field | 20211209053422.0 |
| 008 - FIXED-LENGTH DATA ELEMENTS--GENERAL INFORMATION | |
| fixed length control field | 160602s1963 ii ||||| |||| 001 0 ben d |
| 020 ## - INTERNATIONAL STANDARD BOOK NUMBER | |
| Terms of availability | : IRs 12.50 (V-1) |
| 035 ## - SYSTEM CONTROL NUMBER | |
| System control number | (BD-RjUL)41710 |
| 040 ## - CATALOGING SOURCE | |
| Original cataloging agency | BD-RjUL |
| Language of cataloging | ben |
| Transcribing agency | BD-RjUL |
| 041 ## - LANGUAGE CODE | |
| Language code of text/sound track or separate title | ben |
| 082 ## - DEWEY DECIMAL CLASSIFICATION NUMBER | |
| Edition number | 23 |
| Classification number | 306.095405 |
| Author mark and year | SAM 1962-1963 |
| 110 ## - MAIN ENTRY--CORPORATE NAME | |
| Corporate name or jurisdiction name as entry element | তত্ত্ববোধিনী পত্রিকার রচনা-সংকলন |
| 9 (RLIN) | 127802 |
| 245 00 - TITLE STATEMENT | |
| Title | সাময়িকপত্রে বাংলার সমাজ চিত্র ১৮৪০-১৯০৫ / |
| Statement of responsibility, etc. | বিনয় ঘোষ সম্পাদক |
| 260 ## - PUBLICATION, DISTRIBUTION, ETC. (IMPRINT) | |
| Place of publication, distribution, etc. | কলিকাতা : |
| Name of publisher, distributor, etc. | বীক্ষণ, |
| Date of publication, distribution, etc. | ১৯৬২-১৯৬৩ |
| 300 ## - PHYSICAL DESCRIPTION | |
| Pagination | খণ্ড : |
| Illustrations | চিত্র ; |
| Size | ২৪ সেমি. |
| 505 0# - FORMATTED CONTENTS NOTE | |
| Formatted contents note | খণ্ড ১ সংবাদ প্রভাকর পত্রিকার রচনা-সংকলন -- খণ্ড ২-- তত্ত্ববোধিনী পত্রিকার রচনা-সংকলন -- |
| 650 ## - SUBJECT ADDED ENTRY--TOPICAL TERM | |
| Topical term or geographic name as entry element | বাংলা (ভারত) |
| General subdivision | সাময়িকী |
| 9 (RLIN) | 127803 |
| Form subdivision | সামাজিক অবস্থা |
| Topical term or geographic name as entry element | Bengali (India) |
| General subdivision | Periodicals |
| 9 (RLIN) | 127804 |
| Form subdivision | Social Condition |
| 700 ## - ADDED ENTRY--PERSONAL NAME | |
| Personal name | ঘোষ, বিনয়, সম্পাদক |
| 942 ## - ADDED ENTRY ELEMENTS (KOHA) | |
| Source of classification or shelving scheme | Dewey Decimal Classification |
| Koha item type | Books |
| Lost status | Source of classification or shelving scheme | Damaged status | Not for loan | Collection code | Permanent Location | Current Location | Shelving location | Date acquired | Source of acquisition | Cost, normal purchase price | Total Checkouts | Full call number | Date last seen | Copy number | Koha item type |
|---|---|---|---|---|---|---|---|---|---|---|---|---|---|---|---|
| Dewey Decimal Classification | Non-fiction | Central Library, University of Rajshahi | Central Library, University of Rajshahi | 13/01/1965 | Ideal Library, Dhaka | 31.50 | B 306.095405 SAM V-2 1963 | 02/06/2016 | C-2 | Books | |||||
| Dewey Decimal Classification | Non-fiction | Central Library, University of Rajshahi | Central Library, University of Rajshahi | 01/10/1963 | Kolikata : India Enter | 12.50 | B 306.095405 SAM V-1 1962 | 02/06/2016 | C-2 | Books | |||||
| Dewey Decimal Classification | Non-fiction | Central Library, University of Rajshahi | Central Library, University of Rajshahi | 01/10/1963 | Kolikata : India Enter | 12.50 | B 306.095405 SAM V-1 1962 | 16/07/2016 | C-3 | Books | |||||
| Dewey Decimal Classification | Non-fiction | Central Library, University of Rajshahi | Central Library, University of Rajshahi | 01/10/1963 | Kolikata : India Enter | 12.50 | B 306.095405 SAM V-2 1963 | 16/07/2016 | C-3 | Books | |||||
| Dewey Decimal Classification | Non-fiction | Central Library, University of Rajshahi | Central Library, University of Rajshahi | 04/03/1965 | Ideal Library | 16.24 | B 306.095405 SAM V-2 1963 | 18/07/2016 | C-4 | Books | |||||
| Dewey Decimal Classification | Non-fiction | Central Library, University of Rajshahi | Central Library, University of Rajshahi | 04/03/1965 | Ideal library | 16.24 | B 306.095405 SAM V-1 1962 | 20/10/2016 | C-4 | Books |